Biblioteca y Centro de Documentación

La Comisión propone un nuevo calendario para la decisión sobre TACs y cuotas (Registro nro. 36821)

Detalles MARC
000 -CABECERA
Longitud fija campo de control 00956naa a2200265 c 4500
001 - NÚMERO DE CONTROL
Número de control 36821
003 - IDENTIFICADOR DE NÚMERO DE CONTROL
Identificador del número de control ES-MaCES
005 - FECHA Y HORA DE LA ÚLTIMA TRANSACCIÓN
Fecha y hora de la última transacción 20060706132700.0
008 - CAMPO FIJO DE DESCRIPCIÓN FIJA--INFORMACIÓN GENERAL
Códigos de información de longitud fija   060706n2006 sp t ||0 | spa d
035 ## - NÚMERO DE CONTROL DEL SISTEMA
Número de control del sistema CES20060010933v
040 ## - FUENTE DE CATALOGACIÓN
Centro catalogador de origen ES-MaCES
Lengua de catalogación spa
Centro transcriptor ES-MaCES
245 03 - MENCIÓN DE TÍTULO
Título La Comisión propone un nuevo calendario para la decisión sobre TACs y cuotas
Resto del título : con el objetivo de mejorar el proceso de consulta sobre la gestión pesquera
500 ## - NOTA GENERAL
Nota general Resumen
650 #4 - ASIENTO SECUNDARIO DE MATERIA--TÉRMINO DE MATERIA
Término de materia o nombre geográfico como elemento inicial planificación
9 (RLIN) 27021
650 #4 - ASIENTO SECUNDARIO DE MATERIA--TÉRMINO DE MATERIA
Término de materia o nombre geográfico como elemento inicial trabajador de la pesca
9 (RLIN) 28434
650 #4 - ASIENTO SECUNDARIO DE MATERIA--TÉRMINO DE MATERIA
Término de materia o nombre geográfico como elemento inicial Reglamento de la CE
9 (RLIN) 29874
650 #4 - ASIENTO SECUNDARIO DE MATERIA--TÉRMINO DE MATERIA
Término de materia o nombre geográfico como elemento inicial política pesquera
9 (RLIN) 27610
650 #4 - ASIENTO SECUNDARIO DE MATERIA--TÉRMINO DE MATERIA
Término de materia o nombre geográfico como elemento inicial industria pesquera
9 (RLIN) 27608
650 #4 - ASIENTO SECUNDARIO DE MATERIA--TÉRMINO DE MATERIA
Término de materia o nombre geográfico como elemento inicial pesca
9 (RLIN) 27611
653 10 - TÉRMINO DE INDEXACIÓN--NO CONTROLADO
Término no controlado Pesca
773 0# - ENTRADA DE DOCUMENTO FUENTE
Título Industrias pesqueras
Parte(s) relacionada(s) año 79, n. 1899 (1 jun. 2006){10600 R. 064843}; p. 33-34
Número de control del registro relacionado (ES-MaCES)25605
Itemnumber del ítem fuente 65149
902 ## - CES. TIPO DE DOCUMENTO
Tipodoc (006$c Sirtex) ART Artículo de revista
942 ## - ELEMENTOS KOHA
Fuente de clasificaión o esquema Clasificación propia del CES
Koha [por defecto] tipo de item Artículos (1982-2017)
Parte de clasificación 5.1.

No hay ítems disponibles.

© CES, Consejo Económico y Social de España 2021